| 000 | 01309cam a22003134a 4500 | ||
|---|---|---|---|
| 001 | 12652659 | ||
| 005 | 20230320160518.0 | ||
| 008 | 020123s2003 enka 001 0 eng | ||
| 010 | _a 2002020176 | ||
| 020 | _a0521455065 (hardback) | ||
| 040 |
_aDLC _cDLC _dDLC |
||
| 042 | _apcc | ||
| 050 | 0 | 0 |
_aQC178 _b.S36 2003 |
| 082 | 0 | 0 |
_a531.14 _221 _bSCH |
| 100 | 1 |
_aSchutz, Bernard F. _9110706 |
|
| 245 | 1 | 0 |
_aGravity from the ground up / _cBernard Schutz. |
| 260 |
_aCambridge ; _aNew York : _bCambridge University Press, _c2003. |
||
| 300 |
_axxvi, 462 p. : _bill. ; _c26 cm. |
||
| 500 | _aIncludes index. | ||
| 650 | 0 |
_aGravitation. _910597 |
|
| 650 | 0 |
_aGravity. _939524 |
|
| 856 | 4 | 1 |
_3Sample text _uhttp://www.loc.gov/catdir/samples/cam041/2002020176.html |
| 856 | 4 | 2 |
_3Publisher description _uhttp://www.loc.gov/catdir/description/cam022/2002020176.html |
| 856 | 4 | 1 |
_3Table of contents _uhttp://www.loc.gov/catdir/toc/cam021/2002020176.html |
| 856 | 4 | 2 |
_3Contributor biographical information _uhttp://www.loc.gov/catdir/enhancements/fy0731/2002020176-b.html |
| 906 |
_a7 _bcbc _corignew _d1 _eocip _f20 _gy-gencatlg |
||
| 942 |
_2ddc _cBK |
||
| 999 |
_c593885 _d593885 |
||